000 00326nam a2200169Ia 4500
100 _aSing Li
650 _aComputers
942 _cRB
366 _f20
654 _ajini
245 _aProfessional Jini
260 _bSPD/Wrox
_c2001
082 _a005.133J/SIN
_bSIN
300 _a886
546 _aENGLISH
999 _c33152
_d33152